Zbierka príkladov z účtovníctva Pre predmet Didaktika účtovníctva

Na minha lista:
Detalhes bibliográficos
Autor principal: Rigáňová, Alžbeta
Autor Corporativo: Vysoká škola ekonomická v Bratislave. Národohospodárska fakulta
Formato: Livro
Idioma:eslovaco
Publicado em: Bratislava Vysoká škola ekonomická 1991
Edição:1. vyd.
Tags: Adicionar Tag
Sem tags, seja o primeiro a adicionar uma tag!

MARC

LEADER 00000nam a2200000 4500
001 c024089
005 20221214095419.3
041 0 |a slo 
044 |a SK 
245 1 0 |a Zbierka príkladov z účtovníctva  |b Pre predmet Didaktika účtovníctva  |c Alžbeta Rigaňová 
250 |a 1. vyd. 
264 1 |a Bratislava  |b Vysoká škola ekonomická  |c 1991 
300 |a 119 s. 
100 1 |a Rigáňová, Alžbeta 
710 2 |a Vysoká škola ekonomická v Bratislave. Národohospodárska fakulta